| 000 | 00574nam a2200205 i 4500 | ||
|---|---|---|---|
| 001 | bg | ||
| 100 | 1 | _aGODZISZEWSKI, Jerzy | |
| 245 | 0 |
_aPour se faire comprendre an francçois / _cJerzy Godziszewski, Irena Jomini-Balińska. - T. 1. |
|
| 250 | _a[Wyd. 4]. | ||
| 260 |
_aWarszawa : _bPaństwowe Wydaw. Naukowe, _c1987. |
||
| 300 |
_a398, 2 s. : _brys. |
||
| 700 | 1 | _aJOMINI-BALIŃSKA, Irena | |
| 020 | _a8301045663 | ||
| 040 | _cBPK | ||
| 041 | _apol | ||
| 080 | _a804.0(075.8) | ||
| 920 | _a83-01-04566-3 | ||
| 942 | _cKS | ||
| 008 | s pl f |000 0 pol | ||
| 999 |
_c3220 _d3220 |
||
| 856 |
_uhttp://koha.tu.koszalin.pl/cgi-bin/koha/opac-detail.pl?biblionumber=3220 _yKatalog online BPK |
||